La ropa en el balde: rutinas y ética popular frente a la violencia en los márgenes urbanos /
Este artículo retrata el modo en que los argentinos elaboran estrategias para lidiar con los riesgos que acechan sus vidas y las de sus seres queridos, el cual se basa en un trabajo de campo etnográfico y en una investigación periodística en dos barrios altamente violentos y pobres de la provincia d...
Збережено в:
| Автор: | |
|---|---|
| Інші автори: | |
| Формат: | Текст |
| Предмети: | |
| Теги: |
Додати тег
Немає тегів, Будьте першим, хто поставить тег для цього запису!
|
MARC
| LEADER | 00000 a a2200000 04500 | ||
|---|---|---|---|
| 001 | 46519 | ||
| 003 | |||
| 040 | |||
| 100 | |a Alvarez, Lucía | ||
| 245 | |a La ropa en el balde: |b rutinas y ética popular frente a la violencia en los márgenes urbanos / |c Lucía Alvarez, Javier Auyero | ||
| 520 | |a Este artículo retrata el modo en que los argentinos elaboran estrategias para lidiar con los riesgos que acechan sus vidas y las de sus seres queridos, el cual se basa en un trabajo de campo etnográfico y en una investigación periodística en dos barrios altamente violentos y pobres de la provincia de Buenos Aires. Para ello, se reflexiona en torno a la violencia y sus efectos en los barrios periféricos de América Latina y se detallan los lugares donde se encuentra la violencia, de manera tal que se discuta sobre las rutinas, ética y cuidado, o sobre cómo se puede seguir adelante; finalmente se realiza un cuestionamiento en torno a la violencia en los márgenes urbanos: ¿son éticas violentas o crueldad? | ||
| 590 | |a AMB/NOVIEMBRE2014 | ||
| 650 | |a URBANISMO | ||
| 650 | |a POBREZA | ||
| 650 | |a VIOLENCIA | ||
| 650 | |a ETICA | ||
| 650 | |a ARGENTINA | ||
| 700 | |a Auyero, Javier | ||
| 773 | |g número251 (2014), páginas 17-30 | ||
| 999 | |c 20698 |d 20698 | ||
